Cities by Beer - Statistics

General Stats
  • This quiz has been taken 34 times
  • The average score is 8 of 15
Answer Stats
Hint Answer % Correct
Dublin Guinness
94%
Mexico City Modelo / Corona / Pacifico
94%
Amsterdam Heineken
91%
St. Louis Budweiser
79%
Denver Coors
71%
Milwaukee Miller's
65%
Copenhagen Carlsberg
56%
Boston Samuel Adams
56%
Montreal Molson
47%
Rome Peroni
47%
Tokyo Asahi
29%
Leuven Stella Artois
26%
Saint Petersburg Baltika
12%
Shenyang Xuehua
3%
Beijing Yanjing
0%
No matching quizzes found
Score Distribution
Percent of People with Each Score
Percentile by Number Answered
Your Score History
You have not taken this quiz